000
00476nam a2200133Ia 4500
008
100328s9999 xx 000 0 und d
082
_b
53472
100
_a
समेळ सोमनाथ
245
_a
युद्धे आणि युद्धे भूमी
260
_b
मॅजेस्टिक
630
_a
युद्धे आणि युद्धे भूमी
730
_a
युद्धे आणि युद्धे भूमी
942
_c
BOOK
999
_c
540220
_d
540217